000 00764cab a2200253 4500
001 ABS53069
008 090401t1995 xxu||||| |||| 00| 0 eng d
035 _a(Sirsi) u1742
041 _aeng
100 _aKirkwood, J.
245 _aCircle developer
260 _c1995
350 _a0
490 _aEstates Gazette
_v(9524) 17 June 1995, 70-72(3)
520 _aThird in a series of property software reviews, featuring an assessment of Circle Developer by Circle Systems Ltd.
650 _aCIRCLE DEVELOPER
650 _aCIRCLE SYSTEMS LTD
650 _aDEVELOPMENT APPRAISAL
650 _aPROPERTY DEVELOPMENT
650 _aSOFTWARE PACKAGES
690 _aMANAGEMENT-BUSINESS MANAGEMENT-INFORMATION MANAGEMENT
942 _n0
948 _c04/03/1997
999 _c1000
_d1000